000
00283nam a2200109Ia 4500
008
151213s9999 xx 000 0 und d
245
_a
Balanchine Protection & Opportunity
260
_a
Washington D. C
_b
The World Book
_c
2000
300
_a
1964 p.
650
_a
Reference
999
_c
1433
_d
1433